| 000 | 00429nam a2200181Ia 4500 | ||
|---|---|---|---|
| 001 | 15525 | ||
| 005 | 20260306170202.0 | ||
| 008 | 260306t1965||||xx |||||||||||||| ||und|| | ||
| 041 | _aESP | ||
| 082 |
_a541.39 _bW21 |
||
| 100 |
_aWalas, Stanley M. _eAUT |
||
| 245 | 0 | _aCinética de relaciones químicas | |
| 260 | _c1965 | ||
| 300 |
_a409 páginas : _c21 cm. |
||
| 650 | _aGEN | ||
| 654 | _aCCN | ||
| 942 |
_cLIB _dJUS _fJUS _2ddc _n |
||
| 999 |
_c15525 _d15525 |
||